Statistiques concernant Les meilleurs buteurs de Ligue des Champions par saison depuis 1992-1993

Cliquez ici pour prendre le quiz!

Statistiques générales

  • Ce quiz a été pris 922 fois
  • Le résultat moyen est 17 sur 30

Statistiques - réponses

AnnéeJoueur% Correct
2015-2016 / 16 butsCristiano Ronaldo
100%
2012-2013 / 12 butsCristiano Ronaldo
100%
2014-2015 / 10 butsCristiano Ronaldo
100%
2007-2008 / 8 butsCristiano Ronaldo
100%
2013-2014 / 17 butsCristiano Ronaldo
100%
2010-2011 / 12 butsLionel Messi
100%
2009-2010 / 8 butsLionel Messi
100%
2011-2012 / 14 butsLionel Messi
100%
2008-2009 / 9 butsLionel Messi
100%
2014-2015 / 10 butsLionel Messi
100%
2014-2015 / 10 butsNeymar
71%
2006-2007 / 10 butsKaká
66%
2000-2001 / 7 butsRaúl
64%
1999-2000 / 10 butsRaúl
64%
2001-2002 / 10 butsRuud van Nistelrooy
53%
2002-2003 / 12 butsRuud van Nistelrooy
53%
2004-2005 / 8 butsRuud van Nistelrooy
53%
1997-1998 / 10 butsAlessandro Del Piero
42%
1998-1999 / 8 butsAndriy Shevchenko
42%
2005-2006 / 9 butsAndriy Shevchenko
42%
1999-2000 / 10 butsRivaldo
41%
2003-2004 / 9 butsFernando Morientes
32%
1994-1995 / 7 butsGeorge Weah
21%
1992-1993 / 7 butsRomário
19%
1995-1996 / 9 butsJari Litmanen
8%
1999-2000 / 10 butsMário Jardel
8%
1998-1999 / 8 butsDwight Yorke
7%
1993-1994 / 8 butsRonald Koeman
5%
1996-1997 / 5 butsMilinko Pantić
2%
1993-1994 / 8 butsWynton Rufer
1%

Distribution des résultats

Percentile par nombre de réponses

% des personnes avec chaque résultat

Votre développement - résultats

Vous n’avez pas pris ce quiz